00596nam a22001577a 450000500170000002000260001703500130004303700170005608200120007310000190008524501430010426000330024727000440028030000210032450000930034520221018142527.0 a9789390906642c275.00 aB-746017 bPrabhat Exam a347.035 aAgrawal, P.K.. a85 Landmark Supreme court judgments:cP.K.Agrawalbfor UPSC civil services prelims, mains and interview, state PCS CLAT & Judiciary exams/ aNew DelhibPrabhat Prakashan a4/19, Asaf Ali Road,bNew Delhie110002 a260p.c22cm(pbk) aFor upsc civil services prelims, mains and interview, state pcs, clat & judiciary exams